| 000 | 01206nam a2200109Ia 4500 | ||
|---|---|---|---|
| 008 | 220615s9999||||xx |||||||||||||| ||und|| | ||
| 245 | 0 | _aEmpires and Communities in the Post-Roman and Islamic World, c. 400 – 1000 CE | |
| 546 | _aEnglish[eng] | ||
| 650 | _aImperien – Geschichte – vor 1500; Zivilisation, mittelalterliche; Mittelalter; Islamisches Imperium, Geschichte; Ethnizität, Geschichte, bis 1500; Ost und West||ÖFOS 2012, Byzantinistik||ÖFOS 2012, Globalgeschichte||ÖFOS 2012, Islam||Imperialism—History—To 1500; Civilization, Medieval; Middle Ages; Islamic Empire—History; Ethnicity—History—To 1500; East and West (nach LCSH)||ÖFOS 2012, Byzantine studies||ÖFOS 2012, Global history||ÖFOS 2012, Islam | ||
| 856 | _uhttps://library.oapen.org/bitstream/20.500.12657/53426/1/PUB_779_Pohl_Empires_Communities_in_the_Postroman_and_Islamic_World.pdf||https://library.oapen.org/bitstream/20.500.12657/53426/1/PUB_779_Pohl_Empires_Communities_in_the_Postroman_and_Islamic_World.pdf||https://library.oapen.org/bitstream/20.500.12657/53426/1/PUB_779_Pohl_Empires_Communities_in_the_Postroman_and_Islamic_World.pdf | ||
| 942 | _cEB | ||
| 999 |
_c12903 _d12903 |
||